Strategy, diplomacy, humanity : (Record no. 187143)
[ view plain ]
| 000 -LEADER | |
|---|---|
| fixed length control field | 00823 a2200217 4500 |
| 003 - CONTROL NUMBER IDENTIFIER | |
| control field | Nust |
| 005 - DATE AND TIME OF LATEST TRANSACTION | |
| control field | 20170207153457.0 |
| 010 ## - LIBRARY OF CONGRESS CONTROL NUMBER | |
| LC control number | 2005307287 |
| 020 ## - INTERNATIONAL STANDARD BOOK NUMBER | |
| International Standard Book Number | 0975586017 |
| 040 ## - CATALOGING SOURCE | |
| Transcribing agency | Nust |
| 082 ## - DEWEY DECIMAL CLASSIFICATION NUMBER | |
| Classification number | 954.91 |
| 100 1# - MAIN ENTRY--PERSONAL NAME | |
| Personal name | Khan, Sahabzada Yaqub. |
| 245 10 - TITLE STATEMENT | |
| Title | Strategy, diplomacy, humanity : |
| Remainder of title | life and work of Sahabzada Yaqub-Khan / |
| Statement of responsibility, etc. | compiled, edited, introduced by Anwar Dil. |
| 250 ## - EDITION STATEMENT | |
| Edition statement | 1st ed. |
| 260 ## - PUBLICATION, DISTRIBUTION, ETC. | |
| Place of publication, distribution, etc. | Islamabad ; San Diego : |
| Name of publisher, distributor, etc. | International Forum Takshila Research University, |
| Date of publication, distribution, etc. | 2005. |
| 300 ## - PHYSICAL DESCRIPTION | |
| Extent | 396 p. : |
| Other physical details | ill. ; |
| Dimensions | 27 cm. |
| 505 ## - FORMATTED CONTENTS NOTE | |
| Formatted contents note | Part 1:- Selected Writings and Addresses by Shahabazda Yaqub Khan (Page-57) Part 2:- Supplementary Writings Life and Work of Shahabazda Yaqub Khan (Page-263) |
| 538 ## - SYSTEM DETAILS NOTE | |
| System details note | Almirah No.63 Shelf No.2 |
| 651 #0 - SUBJECT ADDED ENTRY--GEOGRAPHIC NAME | |
| Geographic name | Pakistan |
| General subdivision | Foreign relations. |
| 700 1# - ADDED ENTRY--PERSONAL NAME | |
| Personal name | Dil, Anwar S. |
| 942 ## - ADDED ENTRY ELEMENTS (KOHA) | |
| Source of classification or shelving scheme | |
| Koha item type | Book |
| Withdrawn status | Lost status | Source of classification or shelving scheme | Damaged status | Not for loan | Collection code | Permanent Location | Current Location | Date acquired | Total Checkouts | Full call number | Barcode | Date last seen | Price effective from | Koha item type |
|---|---|---|---|---|---|---|---|---|---|---|---|---|---|---|
| Military College of Signals (MCS) | Military College of Signals (MCS) | 12/12/2016 | 954.91 DIL | MCS33792 | 12/08/2016 | 12/12/2016 | Book |
